[Event "Morava-ch U16"]
[Site "Bystrice nad Pernstejnem"]
[Date "2024.11.01"]
[Round "9"]
[White "Skula, David"]
[Black "Suchy, Tomas1"]
[Result "1/2-1/2"]
[WhiteElo "1774"]
[BlackElo "1285"]
[PlyCount "44"]
[EventDate "2024.10.26"]
[EventType "swiss"]
[EventRounds "9"]
[EventCountry "CZE"]
[SourceTitle "CB45_2024"]
[Source "ChessBase"]
[SourceDate "2024.11.06"]
[SourceVersion "1"]
[SourceVersionDate "2024.11.06"]
[SourceQuality "1"]

1. e4 c6 2. d4 d5 3. Nd2 dxe4 4. Nxe4 Bf5 5. Ng3 Bg6 6. Nf3 Nd7 7. Bd3 Bxd3 8. Qxd3 Ngf6 9. 0-0 Qc7 10. Bd2 e6 11. Rfe1 Bd6 12. Ne4 Nxe4 13. Qxe4 Nf6 14. Qe2 0-0-0 15. c3 h6 16. Ne5 Bxe5 17. Qxe5 Rd5 18. Qxc7+ Kxc7 19. Bf4+ Kc8 20. Be5 Rg8 21. f3 Rdd8 22. Kf2 Nd7 1/2-1/2

[Event "Morava-ch U16"]
[Site "Bystrice nad Pernstejnem"]
[Date "2024.10.29"]
[Round "5"]
[White "Skula, David"]
[Black "Klinkovsky, Vojtech"]
[Result "0-1"]
[WhiteElo "1774"]
[BlackElo "1686"]
[PlyCount "44"]
[EventDate "2024.10.26"]
[EventType "swiss"]
[EventRounds "9"]
[EventCountry "CZE"]
[SourceTitle "CB45_2024"]
[Source "ChessBase"]
[SourceDate "2024.11.06"]
[SourceVersion "1"]
[SourceVersionDate "2024.11.06"]
[SourceQuality "1"]

1. e4 d5 2. exd5 Nf6 3. Nc3 Nxd5 4. Bc4 Nxc3 5. Qf3 e6 6. dxc3 Bd6 7. Bf4 Bxf4 8. Qxf4 0-0 9. Nf3 Qd6 10. Qg3 Rd8 11. 0-0 Qxg3 12. fxg3 Nc6 13. Rad1 Kf8 14. Rxd8+ Nxd8 15. Rd1 Ke7 16. Kf2 f6 17. h4 e5 18. Bg8 h6 19. h5 Bg4 20. Rh1 Nf7 21. Bxf7 Kxf7 22. Rd1 e4 0-1